| 000 | 01727nam a2200277Ia 4500 | ||
|---|---|---|---|
| 999 |
_c55737 _d55737 |
||
| 001 | 22832 | ||
| 003 | GE_BSU | ||
| 005 | 20230519175655.0 | ||
| 008 | 181216s ||||ge |||||||||||||| ||geo|| | ||
| 020 | _aISSN 1987-5916 | ||
| 040 | _cGE_BSU | ||
| 041 | _ageo | ||
| 080 | _a378.4(479.22)(063) ჩ-55 | ||
| 245 |
_aჩვენი სულიერების ბალავარი : საერთაშორისო სამეცნიერო კონფერენციის მასალები III : _bკრებული / _cმთ. რედ. ბიჭიკო დიასამიძე ; ტომის რედ. მანუჩარ ლორია, სარედ. საბჭო : ა. ჯაფარიძე, გ. ლორთქიფანიძე და სხვა. |
||
| 264 |
_aთბილისი : _bუნივერსალი, _c2011. |
||
| 300 |
_a240 გვ. ; _c20 სმ. |
||
| 500 | _aპარალელური სათაური ინგლისურ ენაზე | ||
| 504 | _aბიბლიოგრ. ტექსტების ბოლოს | ||
| 520 | _aპარალ. სათ. ინგლ. | ||
| 541 | _h8 ლ. | ||
| 653 | _aკრებული | ||
| 653 | _aჩვენი სულიერების ბალავარი | ||
| 653 | _aსაერთაშორისო სამეცნიერო კონფერენციის მასალები III | ||
| 710 |
_aბათუმის შოთა რუსთაველის სახ-ფო უნ-ტი _bქრისტიანული კულტურის კვლევის ცენტრი _912830 |
||
| 942 |
_cBK _2udc |
||